Statystyki dla Miasta i Wsie na DW206

Kliknij tutaj aby rozwiązać quiz!

Ogólne statystyki

  • Ten quiz został rozwiązany 18 razy
  • Średni wynik to 8 z 15

Statystyki odpowiedzi

Miasto/WieśOdpowiedź% Poprawnych
MiastoKoszalin
100%
MiastoMiastko
90%
MiastoPolanów
70%
WieśJacinki
60%
WieśMaszkowo
60%
WieśBiała
50%
WieśKawcze
50%
WieśKościernica
50%
WieśNacław
50%
WieśRzeczyca W.
50%
WieśŚwierzenko
50%
WieśŁodzierz
30%
WieśMokre
30%
WieśNadbór
30%
WieśSzczeglino
30%

Rozkład punktacji

Percentyl według liczby udzielonych odpowiedzi

Procent ludzi z każdym wynikiem

Twoja historia wyników

Nie rozwiązałeś tego quizu